| 000 | 00365nam a2200145Ia 4500 | ||
|---|---|---|---|
| 005 | 20250210060243.0 | ||
| 008 | 240331s9999 xx 000 0 und d | ||
| 082 |
_bDEZ _a954 |
||
| 100 | _aDe Zoysa, L | ||
| 245 | 0 | _aStories from the mahavamsa | |
| 260 |
_aColombo _bMarga Publications (Pvt) _c1988 |
||
| 300 | _avii, 107 p ., | ||
| 650 | _aShort Stories | ||
| 942 | _cL | ||
| 999 |
_c3528 _d3528 |
||